LDR 02016naa#a2200457#i#450# 001 EN\\bibl\114798 005 20260702035024.4 011 ## _a1681-1208 100 ## _a20260701b2026####ek#y0engy0150####ca 101 0# _aENG 102 ## _aRU 200 1# _aThe July 29, 2025 Kamchatka Earthquake, MW 8.9: Examination Based on Regional Data Through End-2025 _eJournal article 210 1# _aMoscow _cGeophysical Center of the Russian Academy of Sciences _d2026 215 ## _a0 с. 606 ## _aНауки о Земле. 05.00.00 _2local 608 ## _aJournal article _2local 675 ## _aСейсмология. 550.34 _aГеология. Геологические и геофизические науки. 55 _aГлавное магнитное поле Земли. 550.383 _zENG 686 ## _aНауки о Земле. 26 _2bbk 686 ## _aНауки о Земле. Экология. 63 _2tbk 686 ## _aОбщие вопросы геофизики. 37.01 _2grnti 686 ## _aГеомагнетизм и высокие слои атмосферы. 37.15 _2grnti 686 ## _aОкеанология. 37.25 _2grnti 686 ## _aФизика Земли. 37.31 _2grnti 686 ## _aОбщие вопросы геологии. 38.01 _2grnti 686 ## _aГЕОДЕЗИЯ. КАРТОГРАФИЯ. 36.00 _2grnti 686 ## _aГЕОФИЗИКА. 37.00 _2grnti 686 ## _aГЕОЛОГИЯ. 38.00 _2grnti 686 ## _aГЕОГРАФИЯ. 39.00 _2grnti 686 ## _aГОРНОЕ ДЕЛО. 52.00 _2grnti 700 #1 _aChebrov _gDanila Viktorovich 700 #1 _aMatveenko _gEvgeniy Aleksandrovich 700 #1 _aAbubakirov _gIskander Radievich 700 #1 _aDroznin _gDmitriy Valer'evich 700 #1 _aDroznina _gSvetlana Yaroslavavna 700 #1 _aLander _gAleksandr Viktorovich 700 #1 _aMityushkina _gSvetlana Vladimirovna 700 #1 _aPavlov _gViktor Mihaylovich 700 #1 _aRaevskaya _gAnna Aleksandrovna 700 #1 _aSenyukov _gSergey L'vovich 700 #1 _aTitkov _gNikolay Nikolaevich 856 4# _arjes.ru _u